Statistiche per Stemmi Squadre di calcio - UEFA - Quiz n°4

Clicka qui per fare il quiz!

Statistiche generali

  • Questo quiz è stato fatto 88 volte
  • Il punteggio medio è 9 su 10

Statistiche sulle risposte

Risposta% Corretto
Reggina 1914
100%
Unione Sportiva Sassuolo Calcio
99%
Celtic Football Club
96%
Unione Sportiva Triestina Calcio 1918
96%
Levante Unión Deportiva
94%
Shamrock Rovers Football Club
91%
Royal Sporting Club Anderlecht
80%
Athletic Club Ajaccien
79%
Eintracht Frankfurt
79%
Borussia Verein für Leibesübungen 1900 Mönchengladbach
65%

Distribuzione punteggi

Percentile per numero di risposta

Percentuale di utenti per punteggio

I tuoi punteggi nel tempo

Non hai fatto questo quiz